Nommez les 32 compagnies aériennes en Europe 2023 - Statistiques

Statistiques générales
  • Ce quiz a été pris 226 fois
    14 depuis la dernière actualisation
  • Le résultat moyen est 9 sur 32
Statistiques - réponses
Réponse % Correct
Air France
100%
Lufthansa
86%
Ryanair
71%
Easyjet
64%
Alitalia
57%
Iberia
57%
Transavia
57%
British Airways
50%
KLM
50%
TAP
50%
LOT
29%
Wizz Air
29%
Aer Lingus
21%
Brussels Airlines
21%
Luxair
21%
Norwegian
21%
Aegean Airlines
14%
Air Baltic
14%
Air Malta
14%
Austrian Airlines
14%
Finnair
14%
Croatia Airlines
7%
TAROM
7%
Adria Airways
0%
Bulgaria Air
0%
Corendon
0%
Cyprus Airways
0%
Czech Airlines
0%
Eurowings
0%
Nordica
0%
Scandinavian Airlines
0%
Slovak Airlines
0%
Aucun quiz correspondant
Distribution des résultats
% des personnes avec chaque résultat
Percentile par nombre de réponses
Votre historique - résultats
Vous n’avez pas pris ce quiz depuis la dernière actualisation